000 00710nam a22001937a 4500
999 _c8642
_d8642
003 AR-CdUCM
008 190325b ||||| |||| 00| 0 spa d
040 _aMUNICIPALIDAD PROVINCIAL DEL CUSCO
_cBIBLIOTECA MUNICIPAL DEL CUSCO
082 _a860.96
_bC42
100 _a Chabás, Juan
_924169
245 _aLiteratura española contemporánea 1898-1950 /
260 _aLa Habana :
_bCultural,
_c1952
505 _aContenido :Liquidación del siglo XIX -- Perfil de la generación -- Precursores de la generación -- Precursores Españoles -- Miguel de Unamuno...
650 _aLiteratura española
_9362
650 _aHistoria literaria
_92287
650 _aSiglo XX
_98
942 _2ddc
_cLIBROS
945 _awnts